000 00665nam a2200217 a 4500
001 000033339
005 20240530073920.0
008 110824s19uu dr 000 f spa d
040 _aDO-SdBNP
_bspa
_cBNPHU
082 _aRD863.44
_bG216c
100 1 _aGarcía, Juan Z.
_928202
245 1 0 _aCatastrofe del millonario :
_bnovela dramática siglo XXl /
_cJuan Z. García.
260 _a[Santo Domingo] :
_b[s. n.],
_c[19--].
300 _a113 p. ;
_c21 cm.
490 1 _aVida
590 _aInventariado, 2020/BT
650 0 _aNovela dominicana
_9223
650 0 _aLiteratura dominicana.
_967
830 0 _aVida
_928203
910 _aValidado. Control de calidad MFF
999 _c32830
_d32830